000 00704pam a2200241 a 4500
008
020 _a0750670592 (pbk.)
049 _aMAIN
090 _aTJ267
100 1 _aDixon, S. L.
245 1 0 _aFluid mechanics and thermodynamics of turbomachinery /
_cS.L. Dixon.
250 _a4th ed.
260 _aBoston :
_bButterworth-Heinemann,
_c1998.
300 _axi, 321 p. :
_bill. ;
_c24 cm.
504 _aIncludes bibliographical references.
504 _aIncludes index.
650 0 _aTurbomachines
_xFluid dynamics.
907 _a.b10018992
_b06-10-05
_c17-04-03
003
005 20230123133815.0
040 _cNUST
942 _cBOOKS
_kTJ267
999 _c154963
_d154963